| 000 | 01425nam0a22003011 4500 | ||
|---|---|---|---|
| 001 | RU\NLR\INFOCOMM_46\5000716521 | ||
| 005 | 20260408135358.0 | ||
| 035 | _a(NLR Aleph) 009283120 | ||
| 090 |
_a9173656 _c9173656 |
||
| 100 | _a20100914d1966 |||y0rusy50 ca | ||
| 101 | 0 | _aspa | |
| 102 | _aRU | ||
| 105 | _ay ||||000|y | ||
| 200 | 1 |
_aMando de la producción para los paises en desarrollo _fPar prof. S. Eilon ... _gNaciones United. Dep. de asuntos económicos y sociales. Centro de desarrollo industrial. Simposio interregional sobre el desarrollo de las industrias del metal en los paises en desarrollo. Moscú, ... 7 de sept. - 6 de oct. de 1966 |
|
| 210 |
_a[Μ. _d[1966] |
||
| 215 |
_a52 с. _d21 см |
||
| 300 | _aВ вып. дан.: Управление производством для развивающихся стран | ||
| 309 | _aОтпечат. множит. аппаратом | ||
| 606 |
_aПромышленные предприятия _xУправление _xРазвивающиеся страны _2nlr_sh1 |
||
| 686 |
_aЭ4-4635 _2rubbk |
||
| 700 | 1 |
_aEilon _bS. _f1923- _gSamuel _4070 |
|
| 711 | 1 | 2 |
_8spa _aSimposio interregional sobre el desarrollo de las industrias del metal en los países en desarrollo _f1966 _eMoscú _7ba _3RU\NLR\AUTH\880625762 _92658130 |
| 801 | 1 |
_aRU _bNLR _c20100914 |
|
| 801 | 0 |
_aRU _bNLR _gPSBO |
|
| 852 |
_aNLR _jЭк41 Г-4/303 |
||
| 942 | _cBOOK | ||
| 980 | _aNB | ||